Knight Bruce (Record no. 126211)
[ view plain ]
| 000 -LEADER | |
|---|---|
| fixed length control field | nam a22 7a 4500 |
| 005 - DATE AND TIME OF LATEST TRANSACTION | |
| control field | 20170223142646.0 |
| 008 - FIXED-LENGTH DATA ELEMENTS--GENERAL INFORMATION | |
| fixed length control field | 170223b xxu||||| |||| 00| 0 eng d |
| 050 ## - LIBRARY OF CONGRESS CALL NUMBER | |
| Classification number | BX5700.4C324 |
| 100 ## - MAIN ENTRY--PERSONAL NAME | |
| Personal name | Carter, Langham R.R. |
| 9 (RLIN) | 29024 |
| 245 ## - TITLE STATEMENT | |
| Title | Knight Bruce |
| Remainder of title | First bishop and founder if the Anglican church in Rhodesia |
| Statement of responsibility, etc | by Carter, Langham R.R. |
| 260 ## - PUBLICATION, DISTRIBUTION, ETC. (IMPRINT) | |
| Place of publication, distribution, etc | Harare |
| Name of publisher, distributor, etc | Mercury Press |
| Date of publication, distribution, etc | 1975 |
| 300 ## - PHYSICAL DESCRIPTION | |
| Extent | 71p.; |
| Dimensions | 20cm. |
| 650 ## - SUBJECT ADDED ENTRY--TOPICAL TERM | |
| Topical term or geographic name as entry element | Knight, Bruce George Wyndham Hamilton |
| 9 (RLIN) | 29025 |
| 650 ## - SUBJECT ADDED ENTRY--TOPICAL TERM | |
| Topical term or geographic name as entry element | Anglican Church |
| Geographic subdivision | Rhodesia |
| General subdivision | History |
| 9 (RLIN) | 29026 |
| 942 ## - ADDED ENTRY ELEMENTS (KOHA) | |
| Source of classification or shelving scheme | Library of Congress Classification |
| Item type | Monograph ( Printed materials) |
| Withdrawn status | Lost status | Source of classification or shelving scheme | Damaged status | Not for loan | Collection code | Home library | Current library | Shelving location | Date acquired | Total Checkouts | Full call number | Barcode | Date last seen | Price effective from | Koha item type |
|---|---|---|---|---|---|---|---|---|---|---|---|---|---|---|---|
| Library of Congress Classification | Main Collection | ARRUPE LIBRARY | ARRUPE LIBRARY | Main Collection | 23/02/2017 | BX5700.4C324 | 46500024466 | 23/02/2017 | 23/02/2017 | Monograph ( Printed materials) |